00405nam a2200109Ia 4500008004100000020005500041040000800096082001700104100002300121245014000144264001100284231129s9999||||xx |||||||||||||| ||spa|| a84-302-0015-0  bspa a796.426 J95c aJuncosa Gual Juan 0aCarreras de fondo : Estudio de las carreras preparacion fisica y preparacion tecnica entrenamiento medio-fondo-gran fondo (Marathon) aSintes